Interpretation of Cultures (Record no. 13384)

MARC details
000 -LEADER
fixed length control field 00601nam a2200241 a 4500
020 ## - INTERNATIONAL STANDARD BOOK NUMBER
ISBN 0465197
082 00 - DEWEY DECIMAL CLASSIFICATION NUMBER
Classification number 306
Author Cutter GEE
100 ## - MAIN ENTRY--AUTHOR NAME
Author name Geertz, Clifford
245 ## - TITLE STATEMENT
Title Interpretation of Cultures
Sub title Selected Essays.
260 ## - PUBLICATION, DISTRIBUTION, ETC. (IMPRINT)
Place of publication U S a
Name of publisher Basic Books
Year of publication 1973
300 ## - PHYSICAL DESCRIPTION
Number of Pages 470p
500 ## - GENERAL NOTE
General note includes index and biblioraphy
505 2# - FORMATTED CONTENTS NOTE
Formatted contents note Acknowledgments
650 ## - SUBJECT ADDED ENTRY--TOPICAL TERM
Topical Term Culture
942 ## - ADDED ENTRY ELEMENTS (KOHA)
Koha item type Books
700 1# -
-- Geertz, Clifford
Holdings
Collection code Home library Current library Date acquired Cost, normal purchase price Full call number Accession Number Koha item type
  Henry Martyn Institute Library Henry Martyn Institute Library 05/28/2007 882.00 306 GEE 019639 Books
                   Copyright © 2026 | Henry Martyn Institute | Hyderabad | TS-500052 | INDIA | Implemented by hmi.edu.in
Hit-Count:

Powered by Koha